Hipócrates latino: el De Medicina de Cornelio Celso en el Renacimiento

Shranjeno v:
Bibliografske podrobnosti
Glavni avtor: Conde Parrado, Pedro (Author)
Format: Knjiga
Jezik:španščina
Izdano: Valladolid Universidad de Valladolid 2003
Serija:Serie Lingüística y Filología, 52
Teme:
Oznake: Označite
Brez oznak, prvi označite!

MARC

LEADER 00000nam a2200000 a 4500
001 UCI0119
003 CL-VaPUC
005 20211210074340.0
008 070420e20030000SP |||||||||||||||||spa|d
999 |c 325407  |d 325405 
020 |a 8484482138 
040 |c Pontificia Universidad Católica de Valparaíso 
082 0 4 |a 610.938 CON 2003  |2 21 
100 0 |a Conde Parrado, Pedro  |e author  |9 520238 
245 1 0 |a Hipócrates latino:  |b  el De Medicina de Cornelio Celso en el Renacimiento 
260 |a Valladolid  |b Universidad de Valladolid  |c 2003 
300 |a 354 páginas 
490 0 |a Serie Lingüística y Filología,  |v  52 
583 |a last modification  |c 20160817 05:15:04  |k Rodrigo Vera 
600 0 7 |a CELSO, AURELIO CORNELIO  |2 CL-VaPUC  |9 318750 
650 7 |a MEDICINA ANTIGUA  |2 CL-VaPUC  |9 335173 
650 0 |a Renacimiento  |9 255107 
650 7 |a HISTORIA DE LA MEDICINA SIGLO 16  |2 CL-VaPUC  |9 520240 
651 0 |a Roma   |9 255106 
651 0 |a Grecia  |9 265314 
942 |c BK  |2 ddc 
945 |d 20070420 00:00:00  |a lvergara 
952 |0 0  |1 0  |4 0  |6 610_938000000000000_CON_2003  |7 0  |8 A  |9 406279  |a BIBHIS  |b BIBHIS  |d 2019-11-22  |i 4330943  |l 3  |o 610.938 CON 2003  |p 4330943  |r 2025-01-20  |s 2024-11-11  |w 2019-11-22  |y BK  |k HIS